Finančná analýza vybranej spoločnosti diplomová práca

Enregistré dans:
Détails bibliographiques
Auteur principal: Varga, Anita
Collectivité auteur: Fakulta podnikového manažmentu EU. Katedra podnikových financií
Autres auteurs: Tučníková, Daniela
Format: Livre
Langue:slovaque
Publié: Bratislava 2015
Tags: Ajouter un tag
Pas de tags, Soyez le premier à ajouter un tag!

MARC

LEADER 00000nbm a2200000 4500
001 0202839
005 20161212101504.9
041 0 |a slo 
044 |a SK 
245 1 0 |a Finančná analýza vybranej spoločnosti  |b diplomová práca  |c Anita Varga ; školiteľ: Daniela Tučníková 
264 1 |a Bratislava  |c 2015 
300 |a 116 s. 
100 1 |a Varga, Anita 
700 1 |a Tučníková, Daniela 
710 2 |a Fakulta podnikového manažmentu EU. Katedra podnikových financií